<?xml version="1.0" encoding="UTF-8"?>
<record
    xmlns:xsi="http://www.w3.org/2001/XMLSchema-instance"
    xsi:schemaLocation="http://www.loc.gov/MARC21/slim http://www.loc.gov/standards/marcxml/schema/MARC21slim.xsd"
    xmlns="http://www.loc.gov/MARC21/slim">

  <leader>03574cam a2200433 a 4500</leader>
  <controlfield tag="001">44902</controlfield>
  <controlfield tag="003">BD-RjUL</controlfield>
  <controlfield tag="005">20211209053932.0</controlfield>
  <controlfield tag="008">160721s2007    dcua    sb   i001 0 eng d</controlfield>
  <datafield tag="020" ind1=" " ind2=" ">
    <subfield code="a">082136751X</subfield>
  </datafield>
  <datafield tag="020" ind1=" " ind2=" ">
    <subfield code="a">9780821367513</subfield>
  </datafield>
  <datafield tag="020" ind1=" " ind2=" ">
    <subfield code="a">0821367528 (eISBN)</subfield>
  </datafield>
  <datafield tag="020" ind1=" " ind2=" ">
    <subfield code="a">9780821367520 (eISBN)</subfield>
  </datafield>
  <datafield tag="035" ind1=" " ind2=" ">
    <subfield code="a">(WaSeSS)ssj0000087394</subfield>
    <subfield code="a">BD-RjUL45020</subfield>
  </datafield>
  <datafield tag="040" ind1=" " ind2=" ">
    <subfield code="a">DJB</subfield>
    <subfield code="c">DJB</subfield>
    <subfield code="d">YDXCP</subfield>
    <subfield code="d">BAKER</subfield>
    <subfield code="d">DLC</subfield>
    <subfield code="d">WaSeSS</subfield>
    <subfield code="d">BD-RjUL</subfield>
    <subfield code="b">eng</subfield>
  </datafield>
  <datafield tag="041" ind1=" " ind2=" ">
    <subfield code="a">eng</subfield>
  </datafield>
  <datafield tag="082" ind1=" " ind2=" ">
    <subfield code="2">23 </subfield>
    <subfield code="a">378.103 </subfield>
    <subfield code="b">HOW 2007 </subfield>
  </datafield>
  <datafield tag="245" ind1="0" ind2="0">
    <subfield code="a">How universities promote economic growth</subfield>
    <subfield code="c">editors, Shahid Yusuf, Kaoru Nabeshima.</subfield>
  </datafield>
  <datafield tag="260" ind1=" " ind2=" ">
    <subfield code="a">Washington, D.C. :</subfield>
    <subfield code="b">World Bank,</subfield>
    <subfield code="c">c2007.</subfield>
  </datafield>
  <datafield tag="300" ind1=" " ind2=" ">
    <subfield code="a">xxiv, 286 p. :</subfield>
    <subfield code="b">ill. ; </subfield>
    <subfield code="c">23 cm. </subfield>
  </datafield>
  <datafield tag="490" ind1="1" ind2=" ">
    <subfield code="a">Directions in development. Human development</subfield>
  </datafield>
  <datafield tag="504" ind1=" " ind2=" ">
    <subfield code="a">Includes bibliographical references and index.</subfield>
  </datafield>
  <datafield tag="505" ind1="0" ind2="0">
    <subfield code="t">University-industry links : policy dimensions /</subfield>
    <subfield code="t">Notes on UIL-related policies of national governments /</subfield>
    <subfield code="t">University-industry knowledge transfer in Switzerland /</subfield>
    <subfield code="t">University-industry links and U.K. science and innovation policy /</subfield>
    <subfield code="t">Universities and public research institutions as drivers of economic development in Asia /</subfield>
    <subfield code="t">UIL-related policies of national governments : a synthetic view /</subfield>
    <subfield code="t">The role of higher education and new forms of governance in economic development : the Ontario case /</subfield>
    <subfield code="t">University-industry links in the Japanese context : between policies and practice /</subfield>
    <subfield code="t">University-industry links : regional policies and initiatives in the United Kingdom /</subfield>
    <subfield code="t">University-industry research collaboration and technology transfer in the United States since 1980 /</subfield>
    <subfield code="t">Building research universities for knowledge transfer : the case of China /</subfield>
    <subfield code="t">Approaches to university-industry links : the case of the National University of Singapore /</subfield>
    <subfield code="t">University-industry links and enterprise creation in India : some strategic and policy issues /</subfield>
    <subfield code="t">The entrepreneurial university : the idea and its critics /</subfield>
    <subfield code="t">Beyond absorptive capacity : the management of technology for a proactive corporate strategy toward university-industry links /</subfield>
    <subfield code="t">Corporate strategies in university-industry links in France /</subfield>
    <subfield code="t">Specific approaches to university-industry links of selected companies in Thailand and their relative effectiveness /</subfield>
  </datafield>
  <datafield tag="506" ind1=" " ind2=" ">
    <subfield code="a">License restrictions may limit access.</subfield>
  </datafield>
  <datafield tag="520" ind1="3" ind2=" ">
    <subfield code="a">With the competitiveness of firms in an open and integrated world environment increasingly reliant on technological capability, universities are being asked to take on a growing role in stimulating economic growth. Beyond imparting education, they are now viewed as sources of industrially valuable technical skills, innovations, and entrepreneurship. Developed and developing countries alike have made it a priority to realize this potential of universities to spur growth, a strategy that calls for coordinated policy actions.</subfield>
  </datafield>
  <datafield tag="650" ind1=" " ind2="0">
    <subfield code="a">Academic-industrial collaboration</subfield>
    <subfield code="x">Economic aspects.</subfield>
    <subfield code="9">137591</subfield>
  </datafield>
  <datafield tag="650" ind1=" " ind2="0">
    <subfield code="a">Business and education.</subfield>
    <subfield code="9">137592</subfield>
  </datafield>
  <datafield tag="650" ind1=" " ind2="0">
    <subfield code="a">Universities and colleges</subfield>
    <subfield code="x">Economic aspects.</subfield>
    <subfield code="9">137593</subfield>
  </datafield>
  <datafield tag="650" ind1=" " ind2="0">
    <subfield code="a">Education, Higher</subfield>
    <subfield code="x">Economic aspects.</subfield>
    <subfield code="9">132691</subfield>
  </datafield>
  <datafield tag="700" ind1="1" ind2=" ">
    <subfield code="a">Yusuf, Shahid,</subfield>
    <subfield code="d">1949-</subfield>
    <subfield code="9">137594</subfield>
  </datafield>
  <datafield tag="700" ind1="1" ind2=" ">
    <subfield code="a">Nabeshima, Kaoru.</subfield>
    <subfield code="9">137595</subfield>
  </datafield>
  <datafield tag="773" ind1=" " ind2="0">
    <subfield code="t">Open Knowledge Repository</subfield>
  </datafield>
  <datafield tag="830" ind1=" " ind2="0">
    <subfield code="a">Directions in development (Washington, D.C.)</subfield>
    <subfield code="9">137597</subfield>
  </datafield>
  <datafield tag="830" ind1=" " ind2="0">
    <subfield code="a">Directions in development (Washington, D.C.).</subfield>
    <subfield code="9">137597</subfield>
  </datafield>
  <datafield tag="856" ind1="4" ind2="0">
    <subfield code="u">http://www.columbia.edu/cgi-bin/cul/resolve?clio7692771</subfield>
    <subfield code="z">Full text available from Open Knowledge Repository</subfield>
  </datafield>
  <datafield tag="942" ind1=" " ind2=" ">
    <subfield code="2">ddc</subfield>
    <subfield code="c">BK</subfield>
  </datafield>
  <datafield tag="999" ind1=" " ind2=" ">
    <subfield code="c">44902</subfield>
    <subfield code="d">44902</subfield>
  </datafield>
  <datafield tag="952" ind1=" " ind2=" ">
    <subfield code="0">0</subfield>
    <subfield code="1">0</subfield>
    <subfield code="2">ddc</subfield>
    <subfield code="4">0</subfield>
    <subfield code="7">1</subfield>
    <subfield code="8">NFIC</subfield>
    <subfield code="a">RUCL</subfield>
    <subfield code="b">RUCL</subfield>
    <subfield code="c">Reading</subfield>
    <subfield code="d">2008-02-04</subfield>
    <subfield code="e">Dhaka, MIDAS</subfield>
    <subfield code="g">30.00</subfield>
    <subfield code="l">0</subfield>
    <subfield code="o">378.103  HOW 2007</subfield>
    <subfield code="r">2016-07-21 00:00:00</subfield>
    <subfield code="t">C-1</subfield>
    <subfield code="w">2016-07-21</subfield>
    <subfield code="y">BK</subfield>
  </datafield>
</record>
